[Event "Druzynowe Mistrzostwa Stowarzyszenia Cross"]
[Site "Wielspin Wagrowiec"]
[Date "1899-12-30"]
[Round "3.7"]
[White "Spychala, Jozefa"]
[Black "Perszewska, Krystyna"]
[Result "1-0"]
[WhiteTitle "I"]
[BlackTitle "I"]
[WhiteElo "1407"]
[BlackElo "1421"]

1. d4 e6 2. c4 d5 3. Nc3 Nf6 4. Bg5 Be7 5. Nf3 c6 6. e3 h6 7. Bh4 Nbd7 8. Bd3 O-O
9. Qc2 Nb6 10. c5 Nbd7 11. b4 b6 12. O-O Re8 13. Rfe1 Nf8 14. Ne5 Bb7 15. f4 bxc5
16. bxc5 Nh5 17. Bxe7 Qxe7 18. Qe2 Nf6 19. Ba6 Rac8 20. Bxb7 Qxb7 21. Rab1 Qc7
22. Qa6 N8d7 23. Rb7 Qd8 24. Nxc6 Nb8 25. Nxb8 Rxb8 26. Rxb8 Qxb8 27. Rb1 Qc8
28. Qxa7 Rd8 29. Rb7 Nd7 30. Rc7 Qa8 31. Rxd7 Qxa7 32. Rxa7 1-0

[Event "Druzynowe Mistrzostwa Stowarzyszenia Cross"]
[Site "Wielspin Wagrowiec"]
[Date "1899-12-30"]
[Round "3.8"]
[White "Wodas, Pawel"]
[Black "Suder, Ryszard"]
[Result "0-1"]
[WhiteTitle "I"]
[BlackTitle "k+"]
[WhiteElo "1820"]
[BlackElo "2107"]

1. c4 Nf6 2. g3 g6 3. Bg2 d5 4. d4 Bg7 5. Nf3 O-O 6. O-O c6 7. cxd5 cxd5 8. Nc3
Ne4 9. Nxe4 dxe4 10. Ne5 f6 11. Nc4 f5 12. e3 Be6 13. b3 Nc6 14. f3 Nxd4 15. Bb2
Bxc4 16. bxc4 Nxf3+ 17. Bxf3 Bxb2 18. Rb1 Bf6 19. Be2 b6 20. Qb3 Kg7 21. g4 Qd2
0-1

[Event "Druzynowe Mistrzostwa Stowarzyszenia Cross"]
[Site "Wielspin Wagrowiec"]
[Date "1899-12-30"]
[Round "3.9"]
[White "Olejnik, Bernard"]
[Black "Zarow, Zdzislaw"]
[Result "0-1"]
[WhiteTitle "I"]
[BlackTitle "I"]
[WhiteElo "1772"]
[BlackElo "1610"]

1. d4 d5 2. c4 Nf6 3. Nc3 c6 4. Nf3 e6 5. Qc2 Na6 6. a3 Nc7 7. Bg5 Be7 8. e3 h6
9. Bh4 O-O 10. Be2 dxc4 11. Bxc4 Ncd5 12. O-O Nxc3 13. bxc3 Nd5 14. Bxe7 Qxe7
15. Rfe1 Kh8 16. Ba2 Qf6 17. Bb1 g6 18. e4 Ne7 19. Qd2 Qg7 20. h3 a5 21. Nh2 f5
22. Nf3 Bd7 23. Ne5 Be8 24. Ba2 Rd8 25. Qe3 Rf6 26. Rab1 b5 27. Nd3 fxe4 28. Qxe4
Nd5 29. Rbc1 Kh7 30. Qh4 Qf8 31. Rc2 g5 32. Qg3 Bg6 33. Bxd5 Rxd5 34. Rd2 Bxd3
35. Rxd3 Rf4 36. Rde3 Rdf5 37. f3 Qxa3 38. Rxe6 Qxc3 39. Re7+ Kg6 40. R1e4 Qc1+
41. Kh2 a4 42. Qf2 Rxe4 43. Rxe4 Qa3 44. Qc2 Qd6+ 45. Kg1 Kf6 46. h4 a3 47. hxg5+
hxg5 48. Rg4 Qd5 49. Qc3 a2 50. Re4 b4 51. Qe1 b3 52. Qc3 Kf7 53. Kf2 Qxe4 54.
Qxb3+ Kf6 55. Qxa2 Qxd4+ 56. Kf1 Rc5 0-1

[Event "Druzynowe Mistrzostwa Stowarzyszenia Cross"]
[Site "Wielspin Wagrowiec"]
[Date "1899-12-30"]
[Round "3.12"]
[White "Barnowski, Sylwester"]
[Black "Pawlik, Tomasz"]
[Result "1-0"]
[WhiteTitle "I"]
[BlackTitle "I"]
[WhiteElo "1788"]
[BlackElo "1642"]

1. d4 Nf6 2. Nf3 d5 3. c4 e6 4. Bg5 Be7 5. e3 Nbd7 6. Nc3 O-O 7. Rc1 h6 8. Bh4
Re8 9. Bd3 c5 10. O-O dxc4 11. Bxc4 a6 12. a3 b5 13. Ba2 c4 14. Bb1 Bb7 15. e4
Nf8 16. Bxf6 Bxf6 17. e5 Bxf3 18. Qxf3 Be7 19. Be4 Rb8 20. d5 b4 21. Rcd1 Qa5
22. axb4 Bxb4 23. d6 Qxe5 24. Rfe1 Qf6 25. Qxf6 gxf6 26. Bc6 Red8 27. d7 Rb6 28.
Ba4 Ng6 29. Re2 Bxc3 30. bxc3 Nf4 31. Re4 Nd3 32. Rxc4 1-0

[Event "Druzynowe Mistrzostwa Stowarzyszenia Cross"]
[Site "Wielspin Wagrowiec"]
[Date "1899-12-30"]
[Round "3.13"]
[White "Grzywacz, Ryszard"]
[Black "Filipiak, Rajmund"]
[Result "1/2-1/2"]
[WhiteTitle "I"]
[BlackTitle "II+"]
[WhiteElo "1646"]
[BlackElo "1688"]

1. e4 d5 2. exd5 Nf6 3. Nc3 Nxd5 4. Nxd5 Qxd5 5. d4 Bf5 6. Nf3 Qe4+ 7. Be3 Qd5
8. c4 Qd8 9. a3 e6 10. b4 Be7 11. Bd3 Bxd3 12. Qxd3 O-O 13. O-O Nd7 14. Rad1 c6
15. c5 Nf6 16. h3 Nd5 17. Ne5 Bf6 18. Nc4 Qc7 19. Nd6 Be7 20. Ne4 Nf4 21. Qd2
Nd5 22. Nc3 Rfd8 23. Nxd5 Rxd5 24. Qb2 Bf6 25. Rd3 Rad8 26. Rfd1 Qd7 27. f4 Qc7
28. Qf2 g6 29. R3d2 R8d7 30. Qf3 Qd8 31. Qf2 Bg7 1/2-1/2

[Event "Druzynowe Mistrzostwa Stowarzyszenia Cross"]
[Site "Wielspin Wagrowiec"]
[Date "1899-12-30"]
[Round "3.14"]
[White "Traczyk, Tadeusz"]
[Black "Majcher, Andrzej"]
[Result "1-0"]
[WhiteTitle "I"]
[BlackTitle "III"]
[WhiteElo "1786"]
[BlackElo "1492"]

1. e4 e5 2. d4 exd4 3. Qxd4 Nc6 4. Qe3 d6 5. Nc3 Nf6 6. Bd2 Be6 7. O-O-O Be7 8.
h3 O-O 9. f4 Nb4 10. a3 Nc6 11. f5 Bd7 12. g4 g6 13. g5 Nh5 14. f6 Nxf6 15. gxf6
Bxf6 16. Nd5 Bg7 17. h4 Ne5 18. Be2 c6 19. Nc3 Re8 20. h5 Ng4 21. Qf3 Qb6 22.
Rf1 Be6 23. Rh4 Ne5 24. Qg2 Rf8 25. Nf3 Nc4 26. Bxc4 Bxc4 27. Rfh1 Qc7 28. hxg6
fxg6 29. Rxh7 Qf7 30. Rxg7+ Kxg7 31. Bh6+ Kg8 32. Bxf8 Rxf8 33. Nd2 Ba6 34. Qh2
Qe7 35. Qh8+ Kf7 36. Rh7+ Ke8 37. Rxe7+ Kxe7 38. Qg7+ Rf7 39. Qxg6 1-0

[Event "Druzynowe Mistrzostwa Stowarzyszenia Cross"]
[Site "Wielspin Wagrowiec"]
[Date "1899-12-30"]
[Round "4.1"]
[White "Spionkowski, Fabian"]
[Black "Walczak, Lucjan"]
[Result "0-1"]
[WhiteTitle "II+"]
[BlackTitle "I"]
[WhiteElo "1377"]
[BlackElo "1827"]

1. e4 c5 2. Nf3 d6 3. d4 cxd4 4. Nxd4 Nf6 5. Nc3 g6 6. Be3 Bg7 7. Bc4 O-O 8. O-O
Ng4 9. Bg5 Nc6 10. Nde2 Qa5 11. Qd5 Qb4 12. Qb5 Qxb5 13. Bxb5 Nf6 14. Nd5 Nxe4
15. Nxe7+ Kh8 16. Nxc6 Bd7 17. Nxa7 Bxb5 18. Nxb5 Nxg5 19. Nxd6 Bxb2 20. Rab1
Rxa2 21. Nxb7 Rc8 22. c3 Bxc3 23. Nd6 Rc6 24. Nxc3 Rxc3 25. f4 Rcc2 26. Rb8+ Kg7
27. Ne8+ Kh6 28. fxg5+ Kxg5 29. Rfb1 Rxg2+ 30. Kf1 Rxh2 31. R1b5+ f5 32. Kg1 Rhe2
33. Rb1 h5 34. Nc7 h4 35. Kh1 Rh2+ 36. Kg1 Rag2+ 37. Kf1 h3 38. Nd5 Rh1# 0-1

[Event "Druzynowe Mistrzostwa Stowarzyszenia Cross"]
[Site "Wielspin Wagrowiec"]
[Date "1899-12-30"]
[Round "4.2"]
[White "Inglot, Marian"]
[Black "Kizym, Lukasz"]
[Result "0-1"]
[WhiteTitle "II"]
[BlackTitle "II"]
[WhiteElo "1394"]
[BlackElo "1590"]

1. d4 Nf6 2. Bg5 e6 3. e4 Be7 4. e5 Nd5 5. Bxe7 Nxe7 6. Nf3 d5 7. Bb5+ Bd7 8. Nc3
Bxb5 9. Nxb5 a6 10. Nc3 Nd7 11. Ng5 h6 12. Nf3 O-O 13. Qd2 c5 14. Ne2 cxd4 15.
Qxd4 Qb6 16. O-O-O Qxd4 17. Rxd4 Nc6 18. g4 Nxd4 19. Nfxd4 Nxe5 20. h3 Nc6 21.
Nf3 Rfc8 22. h4 Nb4 23. Kb1 Rxc2 24. Nf4 Rxf2 25. g5 Rxf3 26. Nh5 Rf5 27. Ng3
hxg5 28. a3 Nd3 29. Nxf5 exf5 30. hxg5 Re8 31. Rd1 Re1 32. Rxe1 Nxe1 33. b4 d4
34. a4 d3 35. Kc1 Nc2 36. b5 axb5 37. axb5 b6 38. Kd2 Na3 39. Kxd3 Nxb5 40. Ke3
Nd6 41. Kf4 b5 42. Ke5 b4 43. Kxd6 b3 44. Ke5 b2 45. Kxf5 b1=Q+ 46. Kg4 Qe4+ 47.
Kg3 Qf5 48. Kh4 Kh7 49. g6+ Qxg6 50. Kh3 Qg5 51. Kh2 Kh6 52. Kh3 Qf5+ 53. Kh2
Qf4+ 0-1

[Event "Druzynowe Mistrzostwa Stowarzyszenia Cross"]
[Site "Wielspin Wagrowiec"]
[Date "1899-12-30"]
[Round "4.3"]
[White "Polakowski, Janusz"]
[Black "Jagiela, Andrzej"]
[Result "0-1"]
[WhiteTitle "II"]
[BlackTitle "I"]
[WhiteElo "1454"]
[BlackElo "1730"]

1. e4 d5 2. exd5 Nf6 3. Nc3 Nxd5 4. Nxd5 Qxd5 5. Qf3 e6 6. Qxd5 exd5 7. d4 Bf5
8. c3 Bd6 9. h3 O-O 10. Be3 Re8 11. O-O-O Be4 12. f3 Bxf3 13. Nxf3 Rxe3 14. Bd3
Bf4 15. Kb1 Nd7 16. Nh4 g6 17. Rhf1 Bg3 18. Nf3 Rae8 19. Kc2 Kg7 20. Ng1 Nf6 21.
Rf3 Nh5 22. Rdf1 Rxf3 23. Rxf3 Bd6 24. Ne2 h6 25. g4 Nf6 26. Kd2 Re7 27. Bc2 Ne4+
28. Kd1 Ng5 29. Rd3 Ne4 30. Rf3 Re6 31. h4 c6 32. Bxe4 dxe4 33. Re3 f5 34. gxf5
gxf5 35. Kd2 f4 36. Rh3 f3 37. Nc1 Bf4+ 38. Kc2 Bxc1 39. Kxc1 f2 40. Rh1 e3 41.
Kd1 Rg6 42. Ke2 Rg1 0-1

[Event "Druzynowe Mistrzostwa Stowarzyszenia Cross"]
[Site "Wielspin Wagrowiec"]
[Date "1899-12-30"]
[Round "4.8"]
[White "Suder, Ryszard"]
[Black "Barnowski, Sylwester"]
[Result "1/2-1/2"]
[WhiteTitle "k+"]
[BlackTitle "I"]
[WhiteElo "2107"]
[BlackElo "1788"]

1. Nf3 e6 2. d4 f5 3. c4 Nf6 4. Nc3 Be7 5. d5 exd5 6. cxd5 d6 7. g3 O-O 8. Bg2
Nbd7 9. O-O Ne5 10. Nd4 Bd7 11. Qc2 g6 12. h3 c5 13. dxc6 Nxc6 14. Qb3+ Kg7 15.
Ne6+ Bxe6 16. Qxe6 Qd7 17. Qxd7 Nxd7 18. Nd5 Bd8 19. b3 Nde5 20. Bb2 Kf7 21. Rad1
Rc8 22. Ne3 Be7 23. Nc4 Rfd8 24. Rd2 b5 25. Bd5+ Ke8 26. Ne3 Nb4 27. Ba3 Nxd5
28. Nxd5 a6 29. f3 Nf7 30. Rfd1 Rc6 31. Kf2 1/2-1/2

[Event "Druzynowe Mistrzostwa Stowarzyszenia Cross"]
[Site "Wielspin Wagrowiec"]
[Date "1899-12-30"]
[Round "4.9"]
[White "Filipiak, Rajmund"]
[Black "Olejnik, Bernard"]
[Result "1/2-1/2"]
[WhiteTitle "II+"]
[BlackTitle "I"]
[WhiteElo "1688"]
[BlackElo "1772"]

1. Nf3 Nc6 2. c4 Nf6 3. Nc3 g6 4. d4 e6 5. e4 Bb4 6. e5 Ne4 7. Bd2 Nxd2 8. Qxd2
Be7 9. d5 Nb4 10. a3 Na6 11. b4 d6 12. Be2 O-O 13. O-O Nb8 14. Ne4 exd5 15. cxd5
dxe5 16. Nxe5 f5 17. Nc3 Bd6 18. f4 Nd7 19. Nf3 Nf6 20. Rae1 a6 21. Bc4 b5 22.
Bb3 Bd7 23. Nd4 Kg7 24. Ne6+ Bxe6 25. Rxe6 Re8 26. Rfe1 Rxe6 27. Rxe6 Qd7 28.
Qd4 Qf7 29. g3 Re8 30. Qe3 Kf8 31. Kf1 Ng4 32. Qe2 Re7 33. h3 Nh6 34. Qe3 Qg7
35. Ke2 Nf7 36. Rxe7 Bxe7 37. Kd2 Bd6 38. Kd3 h6 39. Qe6 Kg8 40. h4 Kh8 41. Bd1
Qg8 42. Ne2 Kg7 43. Nd4 Qa8 44. Bb3 Qb7 45. Qe8 Qb6 46. Ne6+ Kf6 47. Qg8 Qf2 48.
Qg7+ Ke7 1/2-1/2

[Event "Druzynowe Mistrzostwa Stowarzyszenia Cross"]
[Site "Wielspin Wagrowiec"]
[Date "1899-12-30"]
[Round "4.10"]
[White "Malcer, Joanna"]
[Black "Traczyk, Tadeusz"]
[Result "1/2-1/2"]
[WhiteTitle "I"]
[BlackTitle "I"]
[WhiteElo "1516"]
[BlackElo "1786"]

1. e4 c5 2. Nf3 e6 3. d4 cxd4 4. Nxd4 Nf6 5. Nc3 Bb4 6. Bg5 Qa5 7. Bd2 Nc6 8. Nb3
Qd8 9. Bd3 d6 10. a3 Bxc3 11. Bxc3 e5 12. Bd2 h6 13. O-O O-O 14. Re1 Be6 15. Nc1
Qb6 16. Rb1 Rac8 17. Be3 Qd8 18. Ne2 Ng4 19. Qd2 Nxe3 20. Qxe3 a6 21. Nc3 b5 22.
b4 Nxb4 23. axb4 Rxc3 24. Qa7 Bc8 25. f3 Qc7 26. Qxc7 Rxc7 27. Rb3 Bb7 28. Ra3
Rfc8 29. Rea1 g6 30. h4 Kg7 31. Kf2 Kf6 32. g3 Ke6 33. Ke3 f5 34. Rg1 d5 35. exd5+
Kxd5 36. g4 f4+ 37. Kf2 Rxc2+ 38. Bxc2 Rxc2+ 39. Kf1 Rb2 40. Rg2 Rxb4 41. Rd2+
Ke6 42. Kf2 e4 43. fxe4 Rxe4 44. Rad3 Kf6 1/2-1/2

[Event "Druzynowe Mistrzostwa Stowarzyszenia Cross"]
[Site "Wielspin Wagrowiec"]
[Date "1899-12-30"]
[Round "4.11"]
[White "Golebiowska-fryga, Barbara"]
[Black "Racis, Michal"]
[Result "0-1"]
[WhiteTitle "II"]
[BlackTitle "II"]
[WhiteElo "1244"]
[BlackElo "1163"]

1. d4 d5 2. Nf3 Nf6 3. Nc3 Bg4 4. Bg5 e6 5. Ne5 Bh5 6. Qd2 Be7 7. e3 Nbd7 8. Be2
Bxe2 9. Qxe2 Nxe5 10. Qb5+ Ned7 11. Qxb7 Qb8 12. Qxb8+ Rxb8 13. a3 h6 14. Bf4
Bd6 15. b4 O-O 16. Bxd6 cxd6 17. O-O Rfc8 18. Ne2 Rxc2 19. Ng3 Nb6 20. h3 Rbc8
21. Kh2 Na4 22. f4 Rb2 23. f5 Rcc2 24. Rg1 Ne4 25. Nxe4 dxe4 26. fxe6 fxe6 0-1

[Event "Druzynowe Mistrzostwa Stowarzyszenia Cross"]
[Site "Wielspin Wagrowiec"]
[Date "1899-12-30"]
[Round "4.12"]
[White "Kowalczyk, Marian"]
[Black "Wodas, Pawel"]
[Result "1-0"]
[WhiteTitle "I++"]
[BlackTitle "I"]
[WhiteElo "1904"]
[BlackElo "1820"]

1. e4 c5 2. Nf3 d6 3. d4 cxd4 4. c3 dxc3 5. Nxc3 Nc6 6. Bc4 e6 7. O-O a6 8. Qe2
Qc7 9. Bf4 Nf6 10. Rac1 Be7 11. Rfd1 O-O 12. Bb3 Rd8 13. Nd5 Nxd5 14. exd5 e5
15. dxc6 bxc6 16. Bg5 Bxg5 17. Nxg5 Rf8 18. Qd3 1-0

[Event "Druzynowe Mistrzostwa Stowarzyszenia Cross"]
[Site "Wielspin Wagrowiec"]
[Date "1899-12-30"]
[Round "4.13"]
[White "Zarow, Zdzislaw"]
[Black "Niecko, Stanislaw"]
[Result "1/2-1/2"]
[WhiteTitle "I"]
[BlackTitle "I+"]
[WhiteElo "1610"]
[BlackElo "1726"]

1. e4 c6 2. c4 d5 3. Nc3 d4 4. Nce2 e5 5. d3 c5 6. Ng3 Nc6 7. f4 exf4 8. Bxf4 Bd6
9. Bxd6 Qxd6 10. Nf3 Nf6 11. Be2 Ng4 12. Nf1 O-O 13. Qd2 a6 14. h3 Nge5 15. N1h2
b5 16. O-O bxc4 17. Nxe5 Nxe5 18. dxc4 d3 19. Nf3 Nxc4 20. Qxd3 Qxd3 21. Bxd3
Nxb2 22. Be2 a5 23. Rac1 c4 24. Rc2 Na4 25. Bxc4 Ba6 26. Rfc1 Bxc4 27. Rxc4 Nb6
28. Rc6 Rfc8 29. Kf2 Kf8 30. Nd4 Rxc6 31. Rxc6 Nd7 32. Rc7 Ne5 33. Ke3 a4 1/2-1/2

[Event "Druzynowe Mistrzostwa Stowarzyszenia Cross"]
[Site "Wielspin Wagrowiec"]
[Date "1899-12-30"]
[Round "4.16"]
[White "Rutkowski, Jerzy"]
[Black "Zelajtys, Jozef"]
[Result "1-0"]
[WhiteTitle "I+"]
[BlackTitle "I"]
[WhiteElo "1956"]
[BlackElo "1712"]

1. e4 e6 2. d4 d5 3. exd5 exd5 4. Bd3 Bd6 5. Nc3 c6 6. Nf3 Ne7 7. Ne5 Bxe5 8. dxe5
Bf5 9. Bxf5 Nxf5 10. Qg4 g6 11. Bg5 Qb6 12. O-O-O Nd7 13. Rhe1 Nc5 14. Na4 Nxa4
15. Qxa4 O-O 16. g4 Ng7 17. f4 Ne6 18. Bh6 Rfe8 19. f5 Nc5 20. Qf4 Ne4 21. fxg6
fxg6 22. Rf1 Qc7 23. h4 Qe7 24. Rde1 a5 25. a3 b5 26. Rxe4 dxe4 27. Bg5 Qe6 28.
Bf6 Ra7 29. Kb1 b4 30. h5 b3 31. hxg6 bxc2+ 32. Kc1 Rg7 33. Bxg7 Kxg7 34. Qf7+
Qxf7 35. gxf7 Rc8 36. e6 Kf8 37. Re1 Ke7 38. Rxe4 c5 39. Kxc2 h6 40. Kc3 Rb8 41.
Rf4 1-0

[Event "Druzynowe Mistrzostwa Stowarzyszenia Cross"]
[Site "Wielspin Wagrowiec"]
[Date "1899-12-30"]
[Round "4.17"]
[White "Hornik, Bronislaw"]
[Black "Huzarski, Stanislaw"]
[Result "0-1"]
[WhiteTitle "I"]
[BlackTitle "I"]
[WhiteElo "1712"]
[BlackElo "1731"]

1. e4 c5 2. Nf3 Nc6 3. d4 cxd4 4. Nxd4 d6 5. Nc3 Nf6 6. Bc4 g6 7. Nxc6 bxc6 8.
e5 Ng4 9. e6 f5 10. Qd4 Nf6 11. Nd5 Bg7 12. Nxf6+ Bxf6 13. Qe3 O-O 14. O-O d5
15. Bb3 Qd6 16. Re1 a5 17. c3 a4 18. Bc2 Bg7 19. Qf3 Rf6 20. Bf4 Qd8 21. Bg5 Rxe6
22. Rxe6 Bxe6 23. Re1 Kf7 24. h4 a3 25. bxa3 Rxa3 26. Bb3 Ra6 27. h5 Ra8 28. hxg6+
hxg6 29. Qe3 Qd7 30. Bh6 Bf6 31. Bg5 Bg7 32. Bf4 Rh8 33. g4 Rg8 34. Qb6 Bxc3 35.
Re3 Bf6 36. a4 Qc8 37. Bc7 0-1

[Event "Druzynowe Mistrzostwa Stowarzyszenia Cross"]
[Site "Wielspin Wagrowiec"]
[Date "1899-12-30"]
[Round "4.18"]
[White "Mettel, Werner"]
[Black "Kaciotys, Mieczyslaw"]
[Result "1/2-1/2"]
[WhiteTitle "I"]
[BlackTitle "II+"]
[WhiteElo "1676"]
[BlackElo "1683"]

1. e4 e5 2. Nf3 Nc6 3. Bb5 Nge7 4. O-O a6 5. Bc4 b5 6. Bb3 h6 7. c3 d6 8. d4 Bb7
9. Re1 Ng6 10. d5 Na5 11. Bc2 c5 12. Nbd2 Be7 13. Nf1 Bg5 14. Nxg5 hxg5 15. Ng3
Nf4 16. Nf5 g6 17. Ne3 Qf6 18. Bd3 Bc8 19. b3 g4 20. Be2 Qh4 21. Nf1 Nxe2+ 22.
Qxe2 f5 23. c4 f4 24. Bd2 b4 25. g3 fxg3 26. fxg3 Qh5 1/2-1/2

[Event "Druzynowe Mistrzostwa Stowarzyszenia Cross"]
[Site "Wielspin Wagrowiec"]
[Date "1899-12-30"]
[Round "5.1"]
[White "Zelajtys, Jozef"]
[Black "Lazuka, Jan"]
[Result "1-0"]
[WhiteTitle "I"]
[BlackTitle "III"]
[WhiteElo "1712"]
[BlackElo "1267"]

1. d4 Nf6 2. c4 e6 3. Nc3 d5 4. Nf3 Bd6 5. Bg5 h6 6. Bh4 Qe7 7. c5 g5 8. cxd6 Qxd6
9. Bg3 Qe7 10. e3 Nbd7 11. Bd3 c6 12. O-O Nf8 13. e4 dxe4 14. Nxe4 Nxe4 15. Bxe4
f5 16. Be5 fxe4 17. Bxh8 exf3 18. Qxf3 Bd7 19. Rfe1 O-O-O 20. Bf6 Qe8 21. Bxd8
Qxd8 1-0

[Event "Druzynowe Mistrzostwa Stowarzyszenia Cross"]
[Site "Wielspin Wagrowiec"]
[Date "1899-12-30"]
[Round "5.2"]
[White "Spionkowski, Fabian"]
[Black "Hornik, Bronislaw"]
[Result "0-1"]
[WhiteTitle "II+"]
[BlackTitle "I"]
[WhiteElo "1377"]
[BlackElo "1712"]

1. d4 c5 2. c3 e6 3. Nf3 Nc6 4. e4 d5 5. e5 Be7 6. Be3 Qc7 7. Bb5 Bd7 8. Nbd2 Nxe5
9. Nxe5 Bxb5 10. a4 Ba6 11. Bf4 Bd6 12. Ndf3 f6 13. dxc5 Bxe5 14. Bxe5 fxe5 15.
Ng5 Qe7 16. Nf3 e4 17. Ne5 Nf6 18. b4 Qc7 19. Ng4 Bd3 20. Ne3 O-O 21. f3 Qf4 22.
Nc2 Bxc2 23. Qxc2 Qe3+ 0-1

[Event "Druzynowe Mistrzostwa Stowarzyszenia Cross"]
[Site "Wielspin Wagrowiec"]
[Date "1899-12-30"]
[Round "5.4"]
[White "Wodas, Pawel"]
[Black "Rutkowski, Jerzy"]
[Result "0-1"]
[WhiteTitle "I"]
[BlackTitle "I+"]
[WhiteElo "1820"]
[BlackElo "1956"]

1. Nf3 d5 2. d4 Nf6 3. c4 e6 4. g3 c5 5. cxd5 Nxd5 6. Bg2 Nc6 7. O-O cxd4 8. Nxd4
Bc5 9. Nxc6 bxc6 10. Qa4 Bd7 11. e4 Nb6 12. Qc2 Bd4 13. a4 a5 14. Nc3 e5 15. Ne2
c5 16. Kh1 O-O 17. f4 f6 18. fxe5 fxe5 19. Rxf8+ Kxf8 20. Nxd4 cxd4 21. Qc5+ Kg8
22. Bd2 Qb8 23. b4 axb4 24. a5 Be6 25. Bxb4 Nc4 26. Bf1 Qb7 27. a6 Qf7 28. a7
Ne3 29. Qb6 Nxf1 30. Qb8+ Bc8 31. Qxa8 Qf3+ 32. Kg1 Qe3+ 33. Kxf1 Qf3+ 34. Ke1
Qe3+ 35. Kd1 Qb3+ 36. Ke2 Qe3+ 37. Kd1 Qb3+ 38. Kc1 0-1

[Event "Druzynowe Mistrzostwa Stowarzyszenia Cross"]
[Site "Wielspin Wagrowiec"]
[Date "1899-12-30"]
[Round "5.5"]
[White "Huzarski, Stanislaw"]
[Black "Zarow, Zdzislaw"]
[Result "0-1"]
[WhiteTitle "I"]
[BlackTitle "I"]
[WhiteElo "1731"]
[BlackElo "1610"]

1. e4 e5 2. Nf3 Nf6 3. Nc3 d6 4. Bc4 c6 5. O-O b5 6. Bb3 b4 7. Na4 Nxe4 8. Re1
Ng5 9. d4 Nxf3+ 10. Qxf3 Qf6 11. dxe5 Qxf3 12. exd6+ Kd8 13. gxf3 Bxd6 14. Bxf7
Rf8 15. Bg5+ Kc7 16. Be6 Bxe6 17. Rxe6 Rf5 18. Bh4 Nd7 19. Rd1 Rd5 20. Rxd5 cxd5
21. Bg3 Bxg3 22. fxg3 Rg8 23. Kf2 g6 24. Re7 h5 25. Nc5 Kd6 26. Rxd7+ Kxc5 27.
Rxa7 Kb6 28. Re7 Kc5 29. Ke3 Ra8 30. b3 Rxa2 31. Kd3 Ra6 32. Rc7+ Kb6 33. Rf7
Kc5 34. h4 Rc6 35. f4 Kb6 36. Kd2 Kc5 37. f5 gxf5 38. Rxf5 Rg6 39. Rg5 Rh6 40.
Kd3 Rh8 41. Rg7 Rf8 42. Ke3 Re8+ 43. Kf4 Kd4 44. Rc7 Rf8+ 45. Kg5 Rg8+ 46. Kxh5
Rxg3 47. Kh6 Rc3 48. Rxc3 Kxc3 49. Kg6 Kxc2 50. h5 d4 51. h6 d3 52. h7 d2 53.
h8=Q d1=Q 54. Qh3 Qd3+ 55. Qxd3+ Kxd3 56. Kf5 Kc3 57. Ke4 Kxb3 58. Kd3 Ka2 0-1

[Event "Druzynowe Mistrzostwa Stowarzyszenia Cross"]
[Site "Wielspin Wagrowiec"]
[Date "1899-12-30"]
[Round "5.7"]
[White "Barnowski, Sylwester"]
[Black "Kowalczyk, Marian"]
[Result "1/2-1/2"]
[WhiteTitle "I"]
[BlackTitle "I++"]
[WhiteElo "1788"]
[BlackElo "1904"]

1. e4 c5 2. Nf3 Nc6 3. d4 cxd4 4. Nxd4 d6 5. c4 Nf6 6. Nc3 e6 7. Be2 Be7 8. Nc2
a6 9. O-O O-O 10. Be3 b6 11. Qd2 Bb7 12. f3 Qc7 13. Rfd1 Rfd8 14. Bf2 Rac8 15.
Ne3 Nd7 16. Rac1 Nc5 17. b3 h6 18. Bg3 Ne5 19. Bxe5 dxe5 20. Qe1 Rxd1 21. Rxd1
Rd8 22. Rxd8+ 1/2-1/2

[Event "Druzynowe Mistrzostwa Stowarzyszenia Cross"]
[Site "Wielspin Wagrowiec"]
[Date "1899-12-30"]
[Round "5.8"]
[White "Niecko, Stanislaw"]
[Black "Filipiak, Rajmund"]
[Result "1/2-1/2"]
[WhiteTitle "I+"]
[BlackTitle "II+"]
[WhiteElo "1726"]
[BlackElo "1688"]

1. e4 c6 2. d4 d5 3. Nc3 a6 4. Nf3 Bg4 5. Be2 Bxf3 6. Bxf3 dxe4 7. Nxe4 Nd7 8.
O-O Ngf6 9. Re1 e6 10. Bg5 Be7 11. c3 O-O 12. Qe2 Qc7 13. g3 Rfe8 14. Rad1 h6
15. Bf4 Bd6 16. Bxd6 Qxd6 17. Bg2 Rad8 18. Nxf6+ Nxf6 19. Qc4 Nd5 20. Bxd5 Qxd5
21. Qxd5 Rxd5 1/2-1/2

[Event "Druzynowe Mistrzostwa Stowarzyszenia Cross"]
[Site "Wielspin Wagrowiec"]
[Date "1899-12-30"]
[Round "5.9"]
[White "Traczyk, Tadeusz"]
[Black "Pociejowski, Marek"]
[Result "1/2-1/2"]
[WhiteTitle "I"]
[BlackTitle "I++"]
[WhiteElo "1786"]
[BlackElo "1842"]

1. e4 Nf6 2. Nc3 d5 3. exd5 Nxd5 4. Bc4 e6 5. d4 Be7 6. Nf3 O-O 7. O-O Nxc3 8.
bxc3 c5 9. Bd3 Nc6 10. Be3 b6 11. dxc5 bxc5 12. Be4 Qc7 13. Qd3 f5 14. Bxc6 Qxc6
15. Rfd1 Rd8 16. Qf1 Ba6 17. Qe1 Bf6 18. Bg5 Bb7 19. Bxf6 gxf6 20. Qf1 Kf7 21.
Nd2 1/2-1/2

[Event "Druzynowe Mistrzostwa Stowarzyszenia Cross"]
[Site "Wielspin Wagrowiec"]
[Date "1899-12-30"]
[Round "5.10"]
[White "Spychala, Jozefa"]
[Black "Golebiowska-fryga, Barbara"]
[Result "1-0"]
[WhiteTitle "I"]
[BlackTitle "II"]
[WhiteElo "1407"]
[BlackElo "1244"]

1. d4 d5 2. c4 c6 3. cxd5 cxd5 4. Nc3 Nf6 5. Nf3 Bg4 6. e3 Bxf3 7. Qxf3 Nc6 8.
a3 h6 9. Bd3 Qd6 10. Nb5 Qd8 11. O-O Qd7 12. Bd2 g5 13. Rac1 a6 14. Nc3 Na5 15.
Bc2 Nc4 16. Qe2 Nxb2 17. Bb3 e6 18. a4 Bb4 19. Ra1 Bxc3 20. Bxc3 Nc4 21. Bxc4
dxc4 22. Qxc4 Ne4 23. Rfd1 Rc8 24. Qd3 Nxc3 25. Rdc1 Nxa4 26. Rxc8+ Qxc8 27. Rxa4
1-0

[Event "Druzynowe Mistrzostwa Stowarzyszenia Cross"]
[Site "Wielspin Wagrowiec"]
[Date "1899-12-30"]
[Round "5.15"]
[White "Walczak, Lucjan"]
[Black "Pawlik, Tomasz"]
[Result "1-0"]
[WhiteTitle "I"]
[BlackTitle "I"]
[WhiteElo "1827"]
[BlackElo "1642"]

1. e4 e5 2. d4 exd4 3. Qxd4 Nc6 4. Qe3 Nf6 5. Nc3 Bb4 6. Bd2 O-O 7. O-O-O Re8 8.
Bc4 Na5 9. Bb3 Nxb3+ 10. axb3 c6 11. Qg3 Bf8 12. Bg5 Be7 13. h4 Nh5 14. Qg4 g6
15. Bxe7 Qxe7 16. Qg5 f6 17. Qd2 Rd8 18. g4 Ng7 19. f3 d6 20. h5 g5 21. h6 Ne8
22. Nge2 Be6 23. Nd4 Nc7 24. Nce2 c5 25. Nxe6 Qxe6 26. Nc3 b5 27. Nd5 Nxd5 28.
exd5 Qd7 29. f4 gxf4 30. Qxf4 Rf8 31. g5 fxg5 32. Qxg5+ Kh8 33. Rhg1 Rf7 34. Rdf1
Re8 35. Qg3 Rxf1+ 36. Rxf1 Qe7 37. Qf4 Kg8 38. Rg1+ Kh8 39. Kb1 Rf8 40. Qg3 Qe5
41. Qg7+ Qxg7 42. hxg7+ 1-0

[Event "Druzynowe Mistrzostwa Stowarzyszenia Cross"]
[Site "Wielspin Wagrowiec"]
[Date "1899-12-30"]
[Round "5.16"]
[White "Grzywacz, Ryszard"]
[Black "Inglot, Marian"]
[Result "1-0"]
[WhiteTitle "I"]
[BlackTitle "II"]
[WhiteElo "1646"]
[BlackElo "1394"]

1. e4 d5 2. exd5 Qxd5 3. Nc3 Qd6 4. Nf3 Nc6 5. Bb5 Bd7 6. O-O O-O-O 7. d3 Nf6 8.
Re1 h5 9. Ng5 Be8 10. Nce4 Ng4 11. Nxd6+ Rxd6 12. Bxc6 Rxc6 13. Qf3 Nf6 14. c3
Nh7 15. Qxh5 g6 16. Qf3 f6 17. Ne6 Bd7 18. Nxf8 1-0

[Event "Druzynowe Mistrzostwa Stowarzyszenia Cross"]
[Site "Wielspin Wagrowiec"]
[Date "1899-12-30"]
[Round "6.1"]
[White "Lazuka, Jan"]
[Black "Pawlik, Tomasz"]
[Result "0-1"]
[WhiteTitle "III"]
[BlackTitle "I"]
[WhiteElo "1267"]
[BlackElo "1642"]

1. e4 e5 2. a3 Nf6 3. Nc3 Nc6 4. Bb5 a6 5. Bxc6 bxc6 6. h3 Bc5 7. Nf3 d6 8. b3
h6 9. Qe2 O-O 10. d3 Bb7 11. Be3 Bxe3 12. Qxe3 Re8 13. Qc1 d5 14. exd5 Nxd5 15.
Qb2 Re6 16. O-O-O Rb8 17. d4 Nxc3 18. Qxc3 Qd6 19. dxe5 Qxa3+ 0-1

[Event "Druzynowe Mistrzostwa Stowarzyszenia Cross"]
[Site "Wielspin Wagrowiec"]
[Date "1899-12-30"]
[Round "6.2"]
[White "Grzywacz, Ryszard"]
[Black "Spionkowski, Fabian"]
[Result "0-1"]
[WhiteTitle "I"]
[BlackTitle "II+"]
[WhiteElo "1646"]
[BlackElo "1377"]

1. e4 c5 2. Bc4 Nc6 3. Nc3 g6 4. Nge2 Bg7 5. d3 Nf6 6. O-O O-O 7. f4 d6 8. h3 Kh8
9. Ng3 a6 10. Kh1 Bd7 11. f5 Ne5 12. Bb3 b5 13. a3 Qc7 14. Nd5 Nxd5 15. Bxd5 Bc6
16. Bxc6 Qxc6 17. c3 d5 18. d4 cxd4 19. cxd4 Nd7 20. e5 Rac8 21. Bg5 f6 22. Rc1
Qb7 23. fxg6 fxg5 24. Qh5 h6 25. Nf5 Rxc1 26. Rxc1 Rxf5 27. Qg4 Rf4 28. Qe6 Rxd4
29. Qxe7 Rc4 30. Rf1 Qc8 31. e6 Rc1 32. exd7 Rxf1+ 33. Kh2 Qc7+ 34. g3 Qc2+ 0-1